000 00531nam a2200205Ia 4500
005 20250923145249.0
008 008 250917s9999 xx 000 0 eng d
037 _aPeriodicals
040 _aDSWL
_beng
_cDSWL
041 _aeng
_2eng
084 _qDSWL
245 0 _aBritish Journal of Social work
_cby Delhi School of Social Work
260 _aLondon
_bBritish Association Social worker
_c1972
300 _a550p.
365 _aINR
_b80
490 _vVol.2
925 _g80
942 _cCR
999 _c1449170
_d1449170